000 00462nam a2200193Ia 4500
005 20250423095235.0
008 250422s9999 xx 000 0 und d
020 _a9789789424801
050 _aKP 107.2 .A5/
100 _aAmokaye, oludayo[dr]
245 0 _aEnviromental Law and Practice in Nigeria
250 _a2nd edi
260 _aLagos
260 _bMIJ PUBLISH
260 _c2014
300 _a1001 p
650 _aEnvironmental law
942 _cBK
999 _c29673
_d29673